Riconosci l'Allenatore dalla Carriera - Italia - Quiz n°3 - Statistics

Statistiche generali
  • Questo quiz è stato fatto 85 volte
  • Il punteggio medio è 7 su 15
Statistiche sulle risposte
Carriera Allenatore % Corretto
Crotone 2003-2004, Crotone 2005-2006, Genoa 2006-2010, Inter 2011, Palermo 2012-2013, Palermo 2013, Genoa 2013-2016, Atalanta 2016- Gian Piero Gasperini
93%
Vigontina San Paolo 2016-2017, Arzignano Valchiampo 2017-2018, Trapani 2018-2019, Spezia 2019-2021, Fiorentina 2021- Vincenzo Italiano
82%
Lazio 2016-2021, Inter 2021- Simone Inzaghi
81%
Albenga 1980-1981, Rapallo S.Desiderio 1981-1982, Entella Bacezza 1982-1986, Spezia 1986, Centese 1987-1989, Pistoiese 1989-1992, Giarre 1992-1993, Venezia 1994--1995, Lecce 1995-1997, Cagliari 1997-1999, Sampdoria 1999-2000, Udinese 2001-2002, Cagliari 2002-2003, Napoli 2002-2003, Napoli 2004-2005, Messina 2006, Hellas Verona 2006-2007, Pisa 2007-2009, Bari 2009-2011, Torino 2011-2016, Italia 2016-2017, Chievo 2018, Salernitana 2019-2020 Gian Piero Ventura
78%
Guangzhou Evergrande 2014-2015, Al-Nassr 2015-2016, Tianjin Quanjian 2016-2017, Guangzhou Evergrande 2017-2021, Cina 2019, Benevento 2022-2023 Fabio Cannavaro
75%
Cesenatico 1984-1985, Riccione 1985-1987, San Lazzaro 1987-1988, Baracca Lugo 1988-1990, Venezia 1990-1993, Bologna 1993, Cosenza 1994-1995, Udinese 1995-1998, Milan 1998-2001, Lazio 2001-2002, Inter 2003-2004, Torino 2006-2007, Juventus 2010, Giappone 2010-2014, Beijing Guoan 2016, Emirati Arabi Uniti 2017-2019 Alberto Zaccheroni
64%
Italia Olimpica 1986-1988, Juventus 1988-1990, Lazio 1990-1994, Lazio 1997, Italia 1998-2000, Lazio 2001, Fiorentina 2005 Dino Zoff
47%
Rondinella 200-2001, Montevarchi 2001, Hellas Verona 2002-2003, Carrarese 2003-2004, Südtirol 2005-2006, Ancona 2006-2007, Siena 2009, Cremonese 2010, Virtus Lanciano 2013-2014, Pescara 2014-2015, Novara 2015-2016, Benevento 2016-2017, Frosinone 2018-2019, Cremonese 2019-2020, Reggina 2020-2021, Lecce 2021- Marco Baroni
40%
Sambenedettese 2002-2003, Catania 2003-2004, Perugia 2004-2005, Atalanta 2005-2007, Palermo 2007, Palermo 2008, Torino 2009, Torino 2010, Atalanta 2010-2015, Udinese 2015-2016, Bari 2016-2017, Salernitana 2017-2018, Salernitana 2021-2022 Stefano Colantuono
40%
Genoa 2013, Leyton Orient 2014-2015, Ternana 2017, Lecce 2017-2020, Parma 2020-2021, Cagliari 2022 Fabio Liverani
35%
Perugia 1992-1993, Gualdo Casacastalda 1993-1995, Perugia 1995, Ravenna 1996-1997, Venezia 1997-1999, Napoli 1999-2000, Piacenza 2000-2002, Sampdoria 2002-2007, Torino 2007-2008, Torino 2008-2009, Reggina 2009, Livorno 2011, Modena 2013-2015, Palermo 2016, Avellino 2016-2018, Catania 2019, Juve Stabia 2021, Juve Stabia 2022 Walter Novellino
29%
Solbiatese 1973-1974, Como 1975-1977, Rimini 1977-1978, Fano 1978-1979, Cesena 1979-1981, Hellas Verona 1981-1990, Genoa 1990-1992, Inter 1992-1994 Osvaldo Bagnoli
18%
Milazzo 1997-1999, Ragusa 1999-2000, Paternò 2000-2002, Foggia 2002-2004, Arezzo 2004-2005, Catania 2005-2007, Udinese 2007-2010, Parma 2010-2011, Genoa 2011-2012, Pescara 2013-2014, Vicenza 2014-2016, Frosinone 2016-2017, Brescia 2017-2018, Spezia 2018-2019, Palermo 2019, Empoli 2020, SPAL 2020-2021, Crotone 2021 Pasquale Marino
17%
Piombino 1952-1955, Prato 1955-1959, Atalanta 1959-1962, Fiorentina 1962-1964, Atalanta 1964-1965, Italia 1966-1974, Hellas Verona 1975-1978, Roma 1978-1979, Italia B 1979-1984, Fiorentina 1984-1985, Settignanese 1998-2004 Ferruccio Valcareggi
14%
San Miniato 1965-1966, Fucecchio 1966-1967, Cuoiopelli 1967-1968, Fucecchio 1971-1972, Empoli 1974-1976, Ternana 1978-1979, Vicenza 1979-1980, Perugia 1980-1981, Sampdoria 1981-1984, Cagliari 1984-1986, Modena 1989-1991, Vicenza 1991-1994, Bologna 1994-1998, Napoli 1998-1999, Cagliari 1999-2000, Parma 2001, Torino 2002-2003, Padova 2004-2005, Bologna 2005, Bologna 2006-2007, Reggina 2007-2008 Renzo Ulivieri
10%
Nessun quiz corrispondente trovato
Distribuzione punteggi
Percentuale di utenti per punteggio
Percentile per numero di risposta
I tuoi punteggi nel tempo
Non hai fatto questo quiz